| 000 | 01877nam a22003135i 4500 | ||
|---|---|---|---|
| 001 | 166614 | ||
| 003 | ES-MaACL | ||
| 005 | 20250814033438.0 | ||
| 008 | 940202m18521858sp a |||| | spa d | ||
| 080 | _a591.5 | ||
| 080 | _a58 | ||
| 080 | _a549 | ||
| 245 | 0 | 4 |
_aLos tres reinos de la naturaleza : _bmuseo pintoresco de historia natural : descripción completa de los animales, vegetales y minerales útiles y agradables, su forma, instinto... / _cobra arreglada sobre los trabajos de los más eminentes naturalistas de todos los países, Buffon... con todos los descubrimientos posteriores hasta el día, por una sociedad de profesores asociados a Eduardo Chao ; e ilustrada con una magnífica y numerosa colección de láminas. |
| 260 |
_aMadrid : _bImprenta de Gaspar y Roig, editores, _c1852-1858. |
||
| 300 |
_a8 t. en 7 v. : _bil. col. y n. ; _c28 cm. |
||
| 490 | 1 | _aBiblioteca Ilustrada de Gaspar y Roig | |
| 505 | 8 | _aContiene: I. Zoología (VI, 450 p.) -- II. Zoología (286 p., [36) h. de lám.) -- III. Zoología (711 p., [84] h. de lám.) -- IV. Zoología (679 p., [74] h. de lám.) -- V. Zoología (688 p., [80] h. de lám.) -- VI. Zoología (708 p., [83] h. de lám.) -- VII. Zoología (532 p., [34] h. de lám.) -- VIII. Zoología (VI, 673 p., [84] h. de lám.) -- IX. Mineralogía (689 p., [76] h. de lám.) | |
| 599 | _aLas h. de lám. lit. coloreadas. | ||
| 650 | 7 |
_aZoología _2embne _917868 |
|
| 650 | 7 |
_aBotánica _2embne _910610 |
|
| 650 | 4 |
_aMineralogía. _915053 |
|
| 700 | 1 |
_aChao, Eduardo. _937992 |
|
| 700 | 1 |
_aMonlau y Sala, José ( _d1832-1908) _9130063 |
|
| 700 | 1 |
_aGaldo, Manuel María José de. _953356 |
|
| 700 | 1 |
_aBuffon, Georges Louis Leclerc, _cComte de, _d1707-1788 _932437 |
|
| 830 | 1 |
_aBiblioteca Ilustrada de Gaspar y Roig _9177255 |
|
| 852 | 4 |
_aES-MaACL _jG-7097-103 _z- Enc. hol. |
|
| 999 |
_c166614 _d166614 |
||